[Event "10th KIIT Elite Open 2017"]
[Site "Bhubaneswar IND"]
[Date "2017.05.27"]
[Round "2.8"]
[White "Arpita,Mukherjee"]
[Black "Khusenkhojaev,Muhammad"]
[Result "0-1"]
[WhiteElo "2102"]
[BlackElo "2433"]

1.e4 e6 2.d4 d5 3.Nd2 c5 4.Ngf3 Nc6 5.c3 cxd4 6.cxd4 dxe4 7.Nxe4 Nf6 8.Bd3 Be7
9.O-O O-O 10.Bb1 Qd5 11.Nc3 Qh5 12.Ne5 Qxd1 13.Rxd1 Rd8 14.Nxc6 bxc6 15.Bf4 c5
16.dxc5 Rxd1+ 17.Nxd1 Bxc5 18.Bd3 Nd5 19.Bg3 Bb7 20.Nc3 Nxc3 21.bxc3 Rc8
22.Rb1 Bb6 23.c4 Rd8 24.Rd1 Be4 25.Be2 Rxd1+ 26.Bxd1 Bd3 27.Bb3 Bc5 28.Bf4 Kf8
29.g3 Ke7 30.Kg2 f6 31.h4 e5 32.Bd2 f5 33.Bc3 Kd6 34.Bd2 Ke6 35.Bc3 g6 36.Bd2
Be2 37.Bc1 Kd6 38.Bd2 Kc6 39.Bc3 Bd4 40.Bb4 a6 41.Kg1 f4 42.gxf4 exf4 43.Bd2
Be5 44.Bb4 Bf6 45.Bd2 Kc5 46.Bxf4 Bxc4 47.h5 Bxb3 48.axb3 Kb4 49.Kg2 Kxb3
50.Kh3 a5 51.hxg6 hxg6 52.Bd6 a4 53.Kg4 Bc3 {#R} 0-1

[Event "26th Chicago Open 2017"]
[Site "Chicago USA"]
[Date "2017.05.26"]
[Round "3.31"]
[White "Aaron,D"]
[Black "Lehmann,Spencer G"]
[Result "1-0"]
[WhiteElo "2320"]
[BlackElo "2137"]
[EventType "swiss"]

1.e4 e6 2.d4 d5 3.Nd2 c5 4.exd5 Qxd5 5.Ngf3 cxd4 6.Bc4 Qd6 7.Qe2 Nf6 8.Nb3 Nc6
9.Bg5 Be7 10.O-O-O O-O 11.Nbxd4 Nd5 12.h4 Nxd4 13.Rxd4 Qb6 14.Bxe7 Nxe7 15.Bd3
Nf5 16.Rf4 Qa5 17.Kb1 Bd7 18.g4 Ne7 19.Ne5 Bc6 20.Nxc6 bxc6 21.h5 Rab8 22.c4
Rfd8 23.Rc1 Qa3 24.Rf3 Qb4 25.a3 Qd6 26.Rc3 c5 27.Bc2 Nc6 28.Qe4 g6 29.hxg6
fxg6 30.Rf6 Qe5 31.Qxe5 Nxe5 32.Rxe6 Nxg4 33.Bxg6 Rd1+ 34.Ka2 Rd2 35.Rc2 Rxc2
36.Bxc2 Rf8 37.Re7 Rf7 38.Rxf7 Kxf7 39.Bxh7 Nxf2 40.Kb3 Ke7 41.Ka4 Nd1 42.b3
Nc3+ 43.Ka5 Ne2 44.Ka6 Nd4 45.b4 cxb4 46.axb4 Kd6 47.Be4 Ke5 48.Bd5 Nc2 49.b5
{#r} 1-0

[Event "Deltalift Open 2017"]
[Site "Tylosand SWE"]
[Date "2017.05.26"]
[Round "6.10"]
[White "Grueso Cordoba,Santiago"]
[Black "Brynell,S"]
[Result "0-1"]
[WhiteElo "2104"]
[BlackElo "2430"]

1.e4 e6 2.d4 d5 3.Nd2 c5 4.exd5 exd5 5.Ngf3 a6 6.Be2 Nf6 7.O-O Bd6 8.dxc5 Bxc5
9.Nb3 Bb6 10.Bg5 O-O 11.c4 dxc4 12.Bxc4 Qxd1 13.Raxd1 Nc6 14.h3 Re8 15.Rfe1
Bf5 16.Nh4 Bc2 17.Rxe8+ Rxe8 18.Rd2 Bb1 19.Bxf6 gxf6 20.a3 Re4 21.Bxf7+ {#R}
0-1

[Event "chess.com Speed 3m+2spm 2017"]
[Site "chess.com INT"]
[Date "2017.05.24"]
[Round "1.10"]
[White "Karjakin,Sergey"]
[Black "Meier,Geo"]
[Result "1-0"]
[WhiteElo "2783"]
[BlackElo "2630"]

1.e4 e6 2.d4 d5 3.Nc3 dxe4 4.Nxe4 Nd7 5.Nf3 Ngf6 6.Bd3 c5 7.O-O Nxe4 8.Bxe4
Nf6 9.Bg5 cxd4 10.Qe2 Qb6 11.Bxf6 gxf6 12.Rad1 Bg7 13.Nxd4 O-O 14.c3 Bd7
15.Bb1 Rad8 16.g4 Rfe8 17.Rd3 h6 18.Rfd1 Bc8 19.R3d2 a6 20.Qe4 Kf8 21.Qh7 Rd7
22.Bc2 Red8 23.Bb3 Rd6 24.h3 Qc5 25.Qe4 Kg8 26.a4 Kf8 27.Rd3 Kg8 28.R1d2 h5
29.Kf1 hxg4 30.hxg4 Qe5 31.Qf3 Qg5 32.Qe4 Qh6 33.Kg2 Bd7 34.Kg1 Bc8 35.Rd1
R8d7 36.Nf5 exf5 37.Qe8+ Kh7 38.Rxd6 Rxd6 39.Rxd6 Qc1+ 40.Rd1 Qxb2 41.Qxf7
fxg4 42.Qh5+ Bh6 43.Qf7+ Bg7 44.Kg2 {#r} 1-0

[Event "chess.com Speed 3m+2spm 2017"]
[Site "chess.com INT"]
[Date "2017.05.24"]
[Round "1.16"]
[White "Karjakin,Sergey"]
[Black "Meier,Geo"]
[Result "1-0"]
[WhiteElo "2783"]
[BlackElo "2630"]

1.e4 e6 2.d4 d5 3.Nc3 dxe4 4.Nxe4 Nd7 5.Nf3 Ngf6 6.Bd3 c5 7.Nxf6+ Nxf6 8.Be3
Qc7 9.Qe2 a6 10.O-O b6 11.c3 Bb7 12.Bc2 Bd6 13.Ba4+ b5 14.dxc5 Bxc5 15.Bc2 Ng4
16.g3 Nxe3 17.fxe3 h5 18.Kg2 h4 19.e4 hxg3 20.hxg3 Bd6 21.Qf2 O-O-O 22.Rad1 f6
23.Rh1 Kb8 24.Rxh8 Rxh8 25.Nd4 Re8 26.Qf3 f5 27.Qh5 Re7 28.Qg6 Be5 29.Nf3 fxe4
30.Bxe4 Bf6 31.Bxb7 Qxb7 32.Rd8+ Ka7 33.Qd3 Qc6 34.Rd6 Qc5 35.Nd2 Kb7 36.Ne4
Qc7 37.Qf3 Ka7 38.Qe3+ Kb7 39.Nc5+ Kc8 {#r} 1-0

[Event "chess.com Speed 1m+1spm 2017"]
[Site "chess.com INT"]
[Date "2017.05.24"]
[Round "1.18"]
[White "Karjakin,Sergey"]
[Black "Meier,Geo"]
[Result "1-0"]
[WhiteElo "2783"]
[BlackElo "2630"]

1.e4 e6 2.d4 d5 3.Nc3 dxe4 4.Nxe4 Nd7 5.Nf3 Ngf6 6.Nxf6+ Nxf6 7.Ne5 Nd7 8.Bf4
Nxe5 9.Bxe5 f6 10.Bf4 c5 11.dxc5 Qxd1+ 12.Rxd1 Bxc5 13.Bc4 e5 14.Bd2 Ke7
15.Ke2 Be6 16.Bxe6 Kxe6 17.h4 h5 18.Be3 Bxe3 19.Kxe3 Rhd8 20.f3 b5 21.c3 a5
22.a3 a4 23.g3 g6 24.Ke2 Rac8 25.Ke3 Kf5 26.Rhg1 Ke6 27.Rh1 Rxd1 28.Rxd1 Rg8
29.Rh1 f5 30.Rc1 Kd5 31.Kd3 Rd8 32.Re1 e4+ 33.Ke3 Kc4 34.fxe4 fxe4 35.Kf4 Re8
36.Re2 Re6 37.Ke3 Re7 38.Rd2 Kb3 39.Rd5 Kxb2 40.Rxb5+ Kxa3 41.c4 Rc7 42.c5
{#r} 1-0

[Event "15th Somov Memorial 2017"]
[Site "Kirishi RUS"]
[Date "2017.05.24"]
[Round "7.6"]
[White "Lobanov,Sergei"]
[Black "Kacharava,Nikolozi"]
[Result "1-0"]
[WhiteElo "2429"]
[BlackElo "2180"]

1.e4 e6 2.d4 d5 3.Nc3 dxe4 4.Nxe4 Bd7 5.Nf3 Bc6 6.Bd3 Nd7 7.Qe2 Ngf6 8.Ng3
Bxf3 9.Qxf3 c5 10.dxc5 Bxc5 11.Qxb7 Rb8 12.Qf3 Ne5 13.Qe2 Bd4 14.Bb5+ Kf8
15.O-O Nfg4 16.Ne4 f5 17.c3 Bb6 18.Ng5 Bxf2+ 19.Rxf2 Qb6 20.a4 a6 21.Bxa6 Nxf2
22.Be3 Qxb2 23.Bc5+ Kg8 24.Qxe5 Nh3+ 25.gxh3 Qxa1+ 26.Bf1 Re8 27.Bd4 {#r} 1-0

[Event "4th Gligoric Cup 2017"]
[Site "Novi Banovci SRB"]
[Date "2017.05.25"]
[Round "1.3"]
[White "Klasan,V"]
[Black "Pecelj,N"]
[Result "1-0"]
[WhiteElo "2378"]
[BlackElo "2141"]

1.e4 e6 2.d4 d5 3.Nc3 dxe4 4.Nxe4 Bd7 5.Nf3 Bc6 6.Neg5 Bd6 7.Nxf7 Kxf7 8.Ng5+
Ke7 9.Bc4 Bd7 10.O-O h6 11.Nxe6 Bxe6 12.Re1 Qf8 13.Bxe6 Kd8 14.c4 Nd7 15.Bxd7
Kxd7 16.Qg4+ Kd8 17.c5 Be7 18.b4 Qf7 19.Bf4 Nf6 20.Qf3 c6 21.Be5 Rf8 22.b5 Nd5
23.Qe2 Bf6 24.bxc6 bxc6 25.Qb2 Bxe5 26.dxe5 Kc7 27.Rab1 Rab8 28.Qd2 Rxb1
29.Rxb1 Rb8 30.Qa5+ Kc8 31.Qa6+ Rb7 32.Qxc6+ Rc7 33.Qa6+ Kd7 34.Qd6+ Kc8 35.e6
Qf5 36.Qa6+ Kd8 37.Rb8+ Ke7 38.Qd6+ {#r} 1-0

[Event "4th Gligoric Cup 2017"]
[Site "Novi Banovci SRB"]
[Date "2017.05.27"]
[Round "3.8"]
[White "Grcic,Vukasin"]
[Black "Petrusic,V"]
[Result "0-1"]
[WhiteElo "2154"]
[BlackElo "2150"]

1.e4 e6 2.d4 d5 3.Nc3 Be7 4.e5 c5 5.Qg4 Kf8 6.Nce2 cxd4 7.Nxd4 Nc6 8.Nxc6 bxc6
9.Nf3 h5 10.Qf4 Rb8 11.c3 c5 12.Bd3 Qb6 13.O-O Ba6 14.Bg6 Nh6 15.Re1 h4 16.h3
Bc8 17.Bc2 Nf5 18.Bxf5 exf5 19.Nd2 Be6 20.Nf1 g5 21.Qd2 Rd8 22.Qc2 d4 23.c4
Rg8 24.Qa4 Qb7 25.Nh2 Rg6 26.Qb3 Qc6 27.Qf3 Qxf3 28.Nxf3 Bxc4 29.b3 Bd5 30.Nd2
Re6 31.Ba3 Rc8 32.Bb2 Re8 33.Rac1 f6 34.exf6 Rxe1+ 35.Rxe1 Bxf6 36.Rxe8+ Kxe8
37.Kf1 Kd7 38.f3 Kc6 39.Ba3 Kb5 40.Ke2 a5 41.Kd3 g4 42.fxg4 Bxg2 43.gxf5 Bxh3
44.Ke4 Bg2+ {#R} 0-1

[Event "TCh-FRA Top 12 2017"]
[Site "Chartres FRA"]
[Date "2017.05.23"]
[Round "6.3"]
[White "Cappon,J"]
[Black "Pelletier,Y"]
[Result "0-1"]
[WhiteElo "2197"]
[BlackElo "2543"]

1.e4 e6 2.d4 d5 3.Nc3 Nf6 4.e5 Nfd7 5.f4 c5 6.Nf3 Be7 7.Be3 b6 8.Qd2 Nc6 9.a3
O-O 10.Bb5 Qc7 11.h4 cxd4 12.Nxd4 Bb7 13.Bxc6 Bxc6 14.h5 b5 15.O-O b4 16.axb4
Bxb4 17.Qf2 Bxc3 18.bxc3 Nc5 19.f5 Ne4 20.Qf4 Bd7 21.Ne2 exf5 22.Bd4 Be6
23.Qe3 a6 24.Ra3 Rfb8 25.Rfa1 a5 26.Nf4 h6 27.Nd3 Rb5 28.Nf2 Qb7 29.Kh2 Qe7
30.Nxe4 dxe4 31.Qf4 Rb1 32.Rxb1 Qxa3 33.Rb7 Qa2 34.Qg3 Qc4 35.Rb3 Qe2 {#R} 0-1

[Event "36th Zalakaros Open 2017"]
[Site "Zalakaros HUN"]
[Date "2017.05.24"]
[Round "7.25"]
[White "Sean,W"]
[Black "Studer,N"]
[Result "0-1"]
[WhiteElo "2407"]
[BlackElo "2498"]

1.e4 e6 2.d4 d5 3.Nc3 Nf6 4.e5 Nfd7 5.f4 c5 6.Nf3 Nc6 7.Be3 a6 8.Qd2 b5 9.Nd1
Qb6 10.c3 a5 11.Bd3 b4 12.O-O Ba6 13.Bxa6 Rxa6 14.Qf2 Be7 15.Qg3 g6 16.Qh3 a4
17.Rf2 a3 18.b3 bxc3 19.dxc5 Qb4 20.Rc2 d4 21.Bf2 Nxc5 22.Bh4 Ne4 23.Bxe7 Qxe7
24.Re2 Nc5 25.Nf2 d3 26.Re3 Nb4 27.Ng4 Nd7 28.Nd4 Qc5 29.Rxd3 Nc2 30.Kh1 Nxa1
31.Rxc3 Qxd4 32.Rc8+ Ke7 33.Qh4+ f6 34.exf6+ Nxf6 35.Rc7+ Kd6 36.Rc1 Rc8 {#R}
0-1

[Event "36th Zalakaros Open 2017"]
[Site "Zalakaros HUN"]
[Date "2017.05.24"]
[Round "7.48"]
[White "Marosi,Le"]
[Black "Secheres,Ad"]
[Result "1-0"]
[WhiteElo "2286"]
[BlackElo "2309"]

1.e4 e6 2.d4 d5 3.Nc3 Nf6 4.e5 Nfd7 5.f4 c5 6.Nf3 Nc6 7.Be3 Be7 8.Qd2 O-O
9.dxc5 Bxc5 10.O-O-O Qa5 11.a3 Rd8 12.Kb1 Rb8 13.Bxc5 Nxc5 14.Qe3 a6 15.h4 Na4
16.Nxa4 Qxa4 17.Bd3 b5 18.c3 b4 19.cxb4 Bd7 20.Rc1 Rb7 21.Rc5 Nxb4 22.axb4
Qxb4 23.Rc2 Ba4 24.Re2 Rdb8 25.Rc1 Bb3 26.Qc5 Bc4 27.Rxc4 dxc4 28.Qxc4 Qa3
29.Qd4 Rb4 30.Bc4 Ra4 31.Rd2 Qa1+ 32.Kc2 h6 33.b3 Ra2+ 34.Kd3 Qb1+ 35.Ke2 Ra1
36.Kf2 Qh1 37.Qd6 Rf8 38.f5 {#r} 1-0

[Event "6th CHN w Masters 2017"]
[Site "Wuxi CHN"]
[Date "2017.05.27"]
[Round "1.5"]
[White "Lei Tingjie"]
[Black "Zhu,Jiner"]
[Result "1-0"]
[WhiteElo "2482"]
[BlackElo "2184"]

1.e4 e6 2.d4 d5 3.Nc3 Nf6 4.e5 Nfd7 5.f4 c5 6.Nf3 Nc6 7.Be3 Be7 8.Qd2 O-O
9.dxc5 Nxc5 10.O-O-O b6 11.h4 Bb7 12.Qe1 a6 13.h5 b5 14.f5 b4 15.f6 gxf6
16.exf6 Bxf6 17.Nxd5 exd5 18.Bxc5 Qa5 19.Qg3+ Kh8 20.Qd6 Be7 21.Bd4+ f6 22.Qd7
Qxa2 23.Qxb7 Nxd4 24.Nxd4 Qa1+ 25.Kd2 Qxb2 26.Nb3 Rfe8 27.Bd3 f5 28.Ra1 Qc3+
29.Kd1 Bh4 30.g3 Bxg3 31.Kc1 Rac8 32.Kb1 Be5 33.Ra2 a5 34.Bxf5 Rc7 35.Qb5 Rce7
36.Qd3 Qc4 37.Rxa5 Bc3 38.Rc1 Re2 39.Qxd5 Qc7 40.Qd7 {#r} 1-0

[Event "10th KIIT Elite Open 2017"]
[Site "Bhubaneswar IND"]
[Date "2017.05.27"]
[Round "2.1"]
[White "Amonatov,F"]
[Black "Subhayan,Kundu"]
[Result "1-0"]
[WhiteElo "2632"]
[BlackElo "2121"]

1.e4 e6 2.d4 d5 3.Nc3 Nf6 4.e5 Nfd7 5.f4 c5 6.Nf3 Nc6 7.Be3 Be7 8.Qd2 O-O
9.Be2 b6 10.Nd1 cxd4 11.Nxd4 Nxd4 12.Bxd4 Nc5 13.Nf2 f5 14.O-O-O Kh8 15.Kb1 a5
16.g4 Ba6 17.Bf3 g5 18.h4 fxg4 19.hxg5 gxf3 20.g6 Bh4 21.Rdg1 Ra7 22.Bxc5 bxc5
23.Rg4 Bxf2 24.Qxf2 Be2 25.gxh7 Rg7 26.Rxg7 Kxg7 27.Qg3+ Kf7 28.Rh6 Rh8
29.Qg6+ Kf8 30.Qxe6 Qe7 31.Rf6+ Ke8 32.Qc6+ Qd7 33.Qxc5 d4 34.e6 Qb7 35.Rg6
Qxh7 36.Qc8+ {#r} 1-0

[Event "Bodensee Open 2017"]
[Site "Bregenz AUT"]
[Date "2017.05.25"]
[Round "6.6"]
[White "Sahl,S"]
[Black "Kuijf,R"]
[Result "0-1"]
[WhiteElo "2170"]
[BlackElo "2368"]

1.e4 e6 2.d4 d5 3.Nc3 Nf6 4.e5 Nfd7 5.f4 c5 6.Nf3 Nc6 7.Be3 Be7 8.dxc5 Nxc5
9.Qd2 a6 10.O-O-O b5 11.Qf2 Nd7 12.h4 b4 13.Ne2 O-O 14.Ned4 Nxd4 15.Bxd4 a5
16.Bd3 Ba6 17.f5 Bxd3 18.Rxd3 exf5 19.Ne1 Qc8 20.Qxf5 Nc5 21.Rf3 Ne6 22.Bf2 a4
23.Kb1 Bc5 24.Nd3 Bxf2 25.Rxf2 a3 26.Nxb4 axb2 27.Qd3 Qc5 28.Qd2 Rfc8 29.c3 d4
30.Rf3 Qa5 31.a3 Qxa3 32.Kc2 dxc3 33.Rxc3 Qxb4 34.Rxc8+ Rxc8+ {#R} 0-1

[Event "Deltalift Open 2017"]
[Site "Tylosand SWE"]
[Date "2017.05.26"]
[Round "5.20"]
[White "Olsson,T"]
[Black "Ivarsson,T"]
[Result "0-1"]
[WhiteElo "2020"]
[BlackElo "2138"]

1.e4 e6 2.d4 d5 3.Nc3 Nf6 4.Bg5 dxe4 5.Nxe4 Be7 6.Nc3 O-O 7.Nf3 b6 8.Be2 Bb7
9.O-O Nbd7 10.Qd2 Ne4 11.Nxe4 Bxe4 12.Bxe7 Qxe7 13.Qe3 Bg6 14.c3 Bh5 15.Rad1
Rad8 16.Rd2 Bxf3 17.Bxf3 Nf6 18.Re1 Rd6 19.Rde2 Rfd8 20.Be4 Nxe4 21.Qxe4 c5
22.dxc5 bxc5 23.h3 h6 24.Qc4 Rd5 25.Qf4 Qb7 26.Qe4 Qc7 27.Qc4 Qd6 28.Qe4 Qa6
29.b3 Rd3 30.c4 Qb6 31.Qe5 R8d6 32.Re3 Rxe3 33.Qxe3 Rd4 34.Qe5 Kf8 35.Qe3 Ke7
36.Qg3 Kf8 37.Qf3 f6 38.Qe2 e5 39.Qf3 Qc7 40.Qa8+ Kf7 41.Qf3 g6 42.Qe3 Kg7
43.Qf3 f5 44.Qc3 Kf6 45.a3 Qd6 46.b4 Rd3 47.Qc1 g5 48.bxc5 Qxc5 49.Rd1 Qxa3
50.Qb1 e4 51.Rc1 Qc5 52.Qa1+ Kg6 53.Rc2 Qd4 54.Qa6+ Qd6 55.Qxd6+ Rxd6 56.Ra2
a6 57.Kf1 Kf6 58.Ra5 Ke6 59.Ke2 f4 60.Rc5 Kd7 61.Re5 Re6 62.Ra5 Kc7 63.Kd2 Kb6
64.Ra2 Kc5 65.Kc3 e3 66.fxe3 fxe3 67.Re2 a5 68.Kd3 a4 69.Kc3 Re8 70.Kd3 a3
71.Kc3 a2 72.Kb2 Kxc4 {#R} 0-1

[Event "26th Chicago Open 2017"]
[Site "Chicago USA"]
[Date "2017.05.28"]
[Round "6.19"]
[White "Hong,Andrew Z"]
[Black "Niemann,Hans M"]
[Result "0-1"]
[WhiteElo "2383"]
[BlackElo "2282"]
[EventType "swiss"]

1.e4 e6 2.d4 d5 3.Nc3 Nf6 4.Bg5 dxe4 5.Nxe4 Be7 6.Bxf6 gxf6 7.Qd2 f5 8.Nc3 a6
9.g3 b5 10.Bg2 Ra7 11.O-O-O b4 12.Nce2 c5 13.d5 Rd7 14.Nf4 e5 15.Nh5 Rd6
16.Qe2 e4 17.Nf4 Bg5 18.Nh3 Bxf4+ 19.Nxf4 O-O 20.h4 Nd7 21.g4 Nf6 22.gxf5 Bxf5
23.Rhg1 Kh8 24.Bh1 Nxd5 25.Nxd5 Rxd5 26.Qc4 Rxd1+ 27.Rxd1 Qxh4 28.Qxc5 Qf4+
29.Kb1 Re8 30.Qd4+ Kg8 31.Qf6 Qg4 32.Re1 Qg6 33.Qd4 a5 34.b3 h5 35.Qe3 Re6
36.Qa7 e3 37.fxe3 Bxc2+ 38.Kc1 Bf5 39.e4 Qg5+ 40.Kb1 Bg6 41.Qf2 Kh7 42.Rf1 Qe5
43.Re1 f5 44.Qe3 fxe4 45.Rd1 h4 46.Rg1 Rf6 47.Bg2 Qf4 48.Qxf4 Rxf4 49.Kc1 Rg4
50.Kb1 h3 51.Rh1 Rxg2 52.Rxh3+ Kg7 53.Ka1 Kf6 54.a4 bxa3 55.b4 axb4 56.Rf3+
Ke5 57.Rb3 Bf7 58.Rxb4 Rg1+ 59.Rb1 Rxb1+ 60.Kxb1 e3 61.Kc2 e2 {#R} 0-1

[Event "TCh-FRA Top 12 2017"]
[Site "Chartres FRA"]
[Date "2017.05.27"]
[Round "10.3"]
[White "Solodovnichenko,Y"]
[Black "David,Alb"]
[Result "0-1"]
[WhiteElo "2576"]
[BlackElo "2548"]

1.e4 e6 2.d4 d5 3.Nc3 Nf6 4.Bg5 Bb4 5.Ne2 dxe4 6.a3 Be7 7.Bxf6 Bxf6 8.Nxe4 e5
9.g3 O-O 10.Bg2 exd4 11.Nxf6+ Qxf6 12.Qxd4 Qe7 13.Qb4 c5 14.Qe4 Qxe4 15.Bxe4
Nd7 16.O-O-O Nf6 17.Bg2 Ng4 18.Rdf1 Rb8 19.h3 Nf6 20.g4 h6 21.f4 Be6 22.Nc3 b5
23.f5 Bc4 24.Rf4 Rfd8 25.b3 Bd5 26.Nxd5 Nxd5 27.Re4 Nc3 28.Re5 c4 29.Re3 b4
30.axb4 Na2+ 31.Kb2 Nxb4 32.Bf3 cxb3 33.Rxb3 Rd2 34.Kb1 Rb6 35.Rd1 Nxc2
36.Rxb6 Na3+ 37.Ka1 Rxd1+ 38.Bxd1 axb6 39.Kb2 Nb5 40.Kb3 Nc7 41.Kc4 Kf8 42.Kd4
Ke7 43.Bb3 f6 44.h4 Kd6 45.Bc4 b5 46.Be2 b4 47.Bc4 Na8 48.Ba2 Nb6 49.Ke4 Nd7
50.Kf4 Nc5 51.g5 hxg5+ 52.hxg5 b3 53.Bb1 Na4 54.Kg4 Nc3 55.Bd3 Ke5 56.Kh5 Ne4
{#R} 0-1

[Event "Bodensee Open 2017"]
[Site "Bregenz AUT"]
[Date "2017.05.26"]
[Round "7.16"]
[White "Sydow,H"]
[Black "Osterwald,E"]
[Result "1-0"]
[WhiteElo "2117"]
[BlackElo "2184"]

1.e4 e6 2.d4 d5 3.Nc3 Nf6 4.Bg5 Bb4 5.exd5 Qxd5 6.Bxf6 gxf6 7.Nf3 b6 8.Be2 Qa5
9.O-O Bxc3 10.bxc3 Bb7 11.c4 Nd7 12.Rb1 O-O-O 13.Rb5 Qa3 14.Qb1 Rhg8 15.Rb3
Qf8 16.c5 Qg7 17.g3 Nb8 18.Ra3 Qg4 19.Rxa7 Bxf3 20.cxb6 Rd7 21.Bxf3 Qxf3
22.b7+ Kd8 23.Qb4 Rd6 24.Ra8 Ke7 25.Rb1 Rd8 26.a4 Nc6 27.Qc5 Nxd4 28.Rxd8 {#r}
1-0

[Event "36th Zalakaros Open 2017"]
[Site "Zalakaros HUN"]
[Date "2017.05.23"]
[Round "6.13"]
[White "Nagy,Ga1"]
[Black "Rapport,R"]
[Result "0-1"]
[WhiteElo "2446"]
[BlackElo "2698"]

1.e4 e6 2.d4 d5 3.Nc3 Bb4 4.Ne2 Nf6 5.Bg5 dxe4 6.a3 Be7 7.Bxf6 Bxf6 8.Nxe4 Nc6
9.Nxf6+ Qxf6 10.Qd3 O-O 11.Qe3 b5 12.O-O-O b4 13.Qe4 Bd7 14.axb4 Nxb4 15.Nf4
Rab8 16.Bd3 Na2+ 17.Kd2 Qh6 18.Ra1 Nb4 19.Qe3 Nc6 20.b3 Rfd8 21.Ne2 Qf6
22.Rhd1 e5 23.d5 Nb4 24.Nc3 c6 25.Ne4 Qg6 26.Rxa7 cxd5 27.Nc5 Bf5 28.Qxe5 Bxd3
29.Rb7 Rxb7 30.Nxb7 Bxc2 31.Re1 Qd3+ 32.Kc1 Rf8 33.Nc5 Bxb3 {#R} 0-1

[Event "36th Zalakaros Open 2017"]
[Site "Zalakaros HUN"]
[Date "2017.05.24"]
[Round "7.42"]
[White "Raja,H"]
[Black "Varga,Kl"]
[Result "1-0"]
[WhiteElo "2334"]
[BlackElo "2240"]

1.e4 e6 2.d4 d5 3.Nc3 Bb4 4.Ne2 c5 5.exd5 Qxd5 6.a3 Bxc3+ 7.Nxc3 Qxd4 8.Qxd4
cxd4 9.Nb5 Na6 10.Nxd4 Nc7 11.Bf4 Nd5 12.Bd6 Bd7 13.c4 Nb6 14.a4 Rc8 15.b3 Nf6
16.f3 Kd8 17.Kf2 Ne8 18.Bb4 e5 19.Nb5 Bxb5 20.axb5 Ra8 21.c5 Nd7 22.Bc4 Nc7
23.Rhd1 Kc8 24.Rac1 f6 25.Rd2 b6 26.c6 Nb8 27.Be7 a6 28.bxa6 Re8 29.Bd6 Nbxa6
30.b4 b5 31.Bb3 Nb8 32.Bf7 Rd8 33.Be6+ Nxe6 34.c7 Rxd6 35.cxb8=Q+ Kxb8 36.Rxd6
Ra2+ 37.Kf1 Nf4 38.Rd8+ Kb7 39.Rd7+ Kb8 40.Rxg7 Nd3 41.Rd1 {#r} 1-0

[Event "10th KIIT Elite Open 2017"]
[Site "Bhubaneswar IND"]
[Date "2017.05.29"]
[Round "5.30"]
[White "Subhayan,Kundu"]
[Black "Saravana,Kr"]
[Result "0-1"]
[WhiteElo "2121"]
[BlackElo "2345"]

1.e4 e6 2.d4 d5 3.Nc3 Bb4 4.Ne2 Nc6 5.a3 Ba5 6.exd5 exd5 7.Ng3 Nf6 8.Be2 O-O
9.O-O Re8 10.b4 Bb6 11.Be3 h6 12.Na4 Ne7 13.Nxb6 axb6 14.Bd3 Ng6 15.Bxg6 fxg6
16.Bf4 g5 17.Be5 Ng4 18.Re1 Nxe5 19.dxe5 Be6 20.Qd3 Rf8 21.Ne2 c5 22.Nc3 Qd7
23.a4 Rf4 24.bxc5 bxc5 25.a5 Qf7 26.f3 Rf8 27.Na4 g4 28.fxg4 Rxa4 {#R} 0-1

[Event "26th Chicago Open 2017"]
[Site "Chicago USA"]
[Date "2017.05.26"]
[Round "2.19"]
[White "Mitkov,N1"]
[Black "Feng,Maggie"]
[Result "1-0"]
[WhiteElo "2454"]
[BlackElo "2298"]
[EventType "swiss"]

1.e4 e6 2.Nc3 d5 3.d4 Bb4 4.Ne2 dxe4 5.a3 Be7 6.Nxe4 Nd7 7.N2c3 Ngf6 8.Bf4 O-O
9.Qf3 Nd5 10.Bd2 c6 11.O-O-O b5 12.h4 a5 13.Qg3 Kh8 14.Ng5 Nxc3 15.Qxc3 Nf6
16.Qf3 b4 17.a4 Qd5 18.Qxd5 cxd5 19.h5 h6 20.Nf3 Ng4 21.Be1 Ba6 22.Kb1 Rfc8
23.Nd2 Bxf1 24.Rxf1 Nf6 25.Rh1 Nd7 26.Rh3 Kg8 27.Nf3 Bd6 28.Rd2 Nb6 29.b3 Nd7
30.Re2 Kf8 31.Bd2 Nf6 32.Ne1 Ne4 33.Nd3 Nxd2+ 34.Rxd2 Rc3 35.Rf3 Rac8 36.Ne1
f6 37.Rxc3 Rxc3 38.Nf3 Kf7 39.Ng1 g6 40.hxg6+ Kxg6 41.Ne2 Rc8 42.Rd3 Kf7 43.c3
bxc3 44.Rxc3 Rg8 45.g3 e5 46.Rc6 Rd8 47.Kc2 Bb4 48.Kd3 Rd6 49.Rc7+ Ke6 50.Rh7
{#r} 1-0

[Event "Bodensee Open 2017"]
[Site "Bregenz AUT"]
[Date "2017.05.26"]
[Round "7.14"]
[White "Fauth,D"]
[Black "Johnsen,G"]
[Result "0-1"]
[WhiteElo "2141"]
[BlackElo "2203"]

1.e4 e6 2.d4 d5 3.Nc3 Bb4 4.e5 Ne7 5.Bd2 b6 6.Nce2 Bxd2+ 7.Qxd2 Ba6 8.f4 c5
9.Nf3 Nbc6 10.c3 h5 11.g3 Rc8 12.O-O-O Nf5 13.Kb1 Qd7 14.Bh3 Bxe2 15.Qxe2 Nce7
16.Rc1 c4 17.Rcg1 Qa4 18.Bxf5 Nxf5 19.h3 b5 20.g4 hxg4 21.Rxg4 b4 22.Qd2 a5
23.h4 Rb8 24.Rg2 Ke7 25.Ka1 Rb7 26.Rgg1 Rhb8 27.Rb1 Ng3 28.Rhg1 Ne4 29.Qd1 b3
30.a3 Nxc3 31.Qd2 Nb5 32.Rbc1 Nxa3 {#R} 0-1

[Event "26th Chicago Open 2017"]
[Site "Chicago USA"]
[Date "2017.05.25"]
[Round "1.4"]
[White "Stukopin,A"]
[Black "Young,An"]
[Result "1-0"]
[WhiteElo "2586"]
[BlackElo "2281"]
[EventType "swiss"]

1.e4 e6 2.d4 d5 3.Nc3 Bb4 4.e5 b6 5.Qg4 Bf8 6.h4 h5 7.Qd1 Ba6 8.Bxa6 Nxa6
9.Bg5 Qd7 10.Qe2 Nb4 11.Nh3 Nc6 12.O-O-O Bb4 13.Qf3 Na5 14.Nf4 Bxc3 15.Qxc3
Rc8 16.Qf3 g6 17.g4 Qa4 18.Kb1 c5 19.gxh5 cxd4 20.hxg6 Qxc2+ 21.Ka1 Qf5 22.Rc1
Rc5 23.g7 Rh7 24.Qa3 f6 25.Rxc5 bxc5 26.Qa4+ Kf7 27.Qd7+ Ne7 28.exf6 Nc6
29.fxe7 {#r} 1-0

[Event "10th KIIT Elite Open 2017"]
[Site "Bhubaneswar IND"]
[Date "2017.05.29"]
[Round "5.25"]
[White "Priyanka,K"]
[Black "Chakravarthi Reddy,M"]
[Result "0-1"]
[WhiteElo "2051"]
[BlackElo "2226"]

1.e4 e6 2.d4 d5 3.Nc3 Bb4 4.e5 c5 5.Bd2 Ne7 6.Nb5 Bxd2+ 7.Qxd2 O-O 8.dxc5 Nd7
9.f4 Nxc5 10.Bd3 Qb6 11.O-O-O Bd7 12.Nd4 Nc6 13.Ngf3 Nb4 14.Kb1 Rfc8 15.a3
Nbxd3 16.cxd3 Qa6 17.Ne1 Rc7 18.g4 Rac8 19.f5 exf5 20.gxf5 Ba4 21.Nec2 Nb3
22.Nxb3 Rxc2 23.Qg5 Qb6 24.Rc1 Qxb3 25.Rxc2 Qxc2+ 26.Ka1 h6 27.Qg3 Bb3 28.Rb1
Qd2 29.d4 Bc2 30.Rg1 Qg5 31.Qxg5 hxg5 32.Rxg5 Be4 33.f6 g6 34.h4 Rc1+ 35.Ka2
Rh1 36.Rg4 Rd1 37.h5 Rxd4 38.Rg1 Kh7 39.e6 fxe6 40.f7 Kg7 41.hxg6 Rc4 42.Rf1
Rc8 {#R} 0-1

[Event "TCh-FRA Top 12 2017"]
[Site "Chartres FRA"]
[Date "2017.05.24"]
[Round "7.3"]
[White "Van Foreest,Jorden"]
[Black "Ider,B"]
[Result "1-0"]
[WhiteElo "2595"]
[BlackElo "2456"]

1.e4 e6 2.d4 d5 3.Nc3 Bb4 4.e5 c5 5.a3 Bxc3+ 6.bxc3 Ne7 7.Qg4 O-O 8.Bd3 f5
9.exf6 Rxf6 10.Bg5 Rf7 11.Qh5 g6 12.Qd1 Qa5 13.Nf3 Rxf3 14.gxf3 Qxc3+ 15.Kf1
c4 16.Bxe7 cxd3 17.cxd3 Qxd4 18.h4 e5 19.h5 Bf5 20.Kg2 Nc6 21.Bg5 Qxd3 22.Qxd3
Bxd3 23.Rad1 Bc4 24.hxg6 hxg6 25.Rh6 Kf7 26.f4 Rg8 27.fxe5 Nxe5 28.Re1 Nc6
29.Rh3 Rf8 30.Rh7+ Kg8 31.Rxb7 Rf7 32.Re8+ Kg7 33.Be7 d4 34.Rd7 d3 35.Bf8+ Kh7
36.Rxf7+ Bxf7 37.Re3 Bc4 38.Bb4 Nxb4 39.axb4 Kh6 40.Re7 a6 41.Kf3 Kg5 42.Ke3
Kf5 43.Rc7 Bb5 44.Rc5+ Ke6 45.Rg5 Kf6 46.Kf4 Bc4 47.Rg1 Bb5 48.Rd1 Bc4 49.Re1
Bb3 50.Ke3 Bc4 51.Rc1 Bb5 52.Rc5 Ke6 53.Rc7 Kf6 54.Rc8 Ke6 55.Rd8 Ke5 56.Rd4
Kf5 57.Re4 Kf6 58.Kf4 g5+ 59.Ke3 Kf5 60.Re7 Kf6 61.Rc7 Ke6 62.Rc5 Kf6 63.Rd5
Bc4 64.Rd4 Bb5 65.Ke4 Ke6 66.Rd8 Ke7 67.Rd4 Ke6 68.f3 Bc6+ 69.Ke3 Bb5 70.Rg4
Kf6 71.Rg1 Kf5 72.Rg2 Kf6 73.Ke4 Bc4 74.Rh2 Kg6 75.Ke5 Bb5 76.Rd2 Kh5 77.Rg2
Bc6 78.Kf5 Kh4 79.Rg4+ Kh3 80.Kxg5 Bxf3 81.Rd4 Be2 82.Kf4 Kh4 83.Rd5 Bf1
84.Ke3 Kg4 85.Kf2 Be2 86.Ke3 Bf1 87.Rd6 Kf5 88.Rxa6 Ke5 89.Ra1 Be2 90.Kd2 Kd6
91.Rc1 Bg4 92.b5 Kd5 {#r} 1-0

[Event "10th KIIT Elite Open 2017"]
[Site "Bhubaneswar IND"]
[Date "2017.05.28"]
[Round "4.22"]
[White "Tukhaev,A"]
[Black "Anustoop,Biswas"]
[Result "1-0"]
[WhiteElo "2557"]
[BlackElo "2106"]

1.e4 e6 2.d4 d5 3.Nc3 Bb4 4.e5 Ne7 5.a3 Bxc3+ 6.bxc3 c5 7.Qg4 Qc7 8.Bd3 Qa5
9.Bd2 c4 10.Be2 Rg8 11.Bd1 Bd7 12.Qh5 h6 13.Ne2 Qa4 14.O-O Nbc6 15.f4 O-O-O
16.g4 Rdf8 17.Ng3 Kb8 18.Qh3 Be8 19.f5 exf5 20.gxf5 Bd7 21.Qg2 Rd8 22.h3 g6
23.e6 fxe6 24.f6 Nf5 25.f7 Rh8 26.Nxf5 gxf5 27.Bf4+ Ka8 28.Bc7 Rc8 29.Qg7 Ne7
30.Kh1 Qc6 31.Be5 Rhf8 32.Qf6 Ng8 33.fxg8=Q Rxg8 34.Rb1 Rcf8 35.Qe7 Qc8 36.Bf3
Ba4 37.Rf2 f4 38.Bg4 Re8 39.Qh7 Bc6 40.Rxf4 {#r} 1-0